[Event "España ch Sub-16 2008"]
[Site "Padron ESP"]
[Date "2008.07.24"]
[Round "8.12"]
[White "Rioboo De Larriva, Alvaro"]
[Black "Pruja Ramirez De Cartagena, Marc"]
[Result "0-1"]
[PlyCount "80"]
[EventDate "2008.07.20"]
[EventType "swiss"]
[EventRounds "9"]
[EventCountry "ESP"]
[Source "lmi"]
[SourceDate "2008.07.20"]
[WhiteElo "1964"]
[BlackElo "2136"]

1. e4 c5 2. Nc3 d6 3. f4 g6 4. Nf3 Bg7 5. Bb5+ Bd7 6. Bxd7+ Qxd7 7. O-O Nc6 8.
d3 Nf6 9. Bd2 O-O 10. Qe1 Rac8 11. Qh4 Nd4 12. Rac1 Qg4 13. Qf2 Nxf3+ 14. Qxf3
Qxf3 15. Rxf3 e6 16. Nb5 Rfd8 17. f5 a6 18. Nxd6 Rxd6 19. e5 Rb6 20. exf6 Bxf6
21. fxg6 Bd4+ 22. Kh1 hxg6 23. c3 Rxb2 24. cxd4 Rxd2 25. dxc5 Rxc5 26. Rcf1 Rc7
27. a3 Rd7 28. h3 R2xd3 29. Rxd3 Rxd3 30. Rb1 b5 31. a4 bxa4 32. Rb6 a5 33. Rb1
a3 34. Ra1 Kf8 35. Kg1 a4 36. Kf2 Ke7 37. Ke2 Rg3 38. Kf2 Rb3 39. Ke1 Kd6 40.
Kd1 Kc5 0-1

[Event "España ch Sub-16 2008"]
[Site "Padron ESP"]
[Date "2008.07.24"]
[Round "8.13"]
[White "Iglesias Gascon, David"]
[Black "De Nacimiento Montano, Angel"]
[Result "0-1"]
[PlyCount "116"]
[EventDate "2008.07.20"]
[EventType "swiss"]
[EventRounds "9"]
[EventCountry "ESP"]
[Source "lmi"]
[SourceDate "2008.07.20"]
[WhiteElo "1904"]
[BlackElo "2099"]

1. e4 c5 2. Nc3 Nc6 3. f4 g6 4. Nf3 Bg7 5. Bc4 e6 6. f5 Nge7 7. fxe6 dxe6 8.
O-O Ne5 9. Bb5+ Bd7 10. Nxe5 Bxb5 11. Nxb5 Bxe5 12. Qf3 O-O 13. d3 Nc6 14. c3
a6 15. Na3 Bg7 16. Bf4 Ne5 17. Bxe5 Bxe5 18. Nc4 Bg7 19. Rae1 b5 20. Nd2 Qa5
21. a3 Rad8 22. Nb3 Qc7 23. Qe3 c4 24. dxc4 Qxc4 25. Nc5 a5 26. Rf3 b4 27. Nb7
bxc3 28. bxc3 Rc8 29. e5 Qd5 30. Nd6 Rc5 31. Ne4 Rc4 32. Nf6+ Bxf6 33. exf6
Rfc8 34. Qh6 Qc5+ 35. Kf1 Qf8 36. Qxf8+ Kxf8 37. Rb1 Ra4 38. Rb3 Ke8 39. Ke2 e5
40. Re3 Rc5 41. Rb8+ Kd7 42. Rd3+ Ke6 43. Rb6+ Kf5 44. Rf3+ Kg5 45. Rb7 e4 46.
h4+ Kh6 47. Re3 Rxa3 48. Rxe4 Rcxc3 49. Rxf7 Rc2+ 50. Kf1 Ra1+ 51. Re1 Rxe1+
52. Kxe1 Rxg2 53. Rg7 Rg4 54. Ra7 Rxh4 55. Rxa5 Rf4 56. Ra6 g5 57. f7+ Kg7 58.
Ra5 h6 0-1

[Event "España ch Sub-16 2008"]
[Site "Padron ESP"]
[Date "2008.07.24"]
[Round "8.14"]
[White "Jimenez Lupianez, Laura"]
[Black "Baragano Campa, David"]
[Result "1-0"]
[PlyCount "99"]
[EventDate "2008.07.20"]
[EventType "swiss"]
[EventRounds "9"]
[EventCountry "ESP"]
[Source "lmi"]
[SourceDate "2008.07.20"]
[WhiteElo "1901"]
[BlackElo "2177"]

1. d4 Nf6 2. c4 e6 3. Nc3 d5 4. cxd5 exd5 5. Bg5 Nbd7 6. e3 Bb4 7. Bd3 c5 8.
Nge2 c4 9. Bc2 O-O 10. O-O Qa5 11. a3 Bd6 12. Qd2 Re8 13. f3 h6 14. Bh4 Be7 15.
Bg3 b6 16. e4 Nf8 17. e5 N6h7 18. f4 f5 19. h3 Be6 20. Bf2 g6 21. Be3 Red8 22.
Kh1 Qa6 23. Rg1 Qc8 24. Nd1 Kh8 25. Nf2 h5 26. g3 Bf7 27. Nc3 Rb8 28. g4 Qe6
29. Ne2 Qd7 30. gxf5 gxf5 31. Rg2 Ng6 32. Rag1 Nh4 33. Rg3 Qe6 34. Qd1 Rg8 35.
Rxg8+ Rxg8 36. Rxg8+ Kxg8 37. Qg1+ Kf8 38. Nd1 b5 39. Bf2 Nf3 40. Qg2 Nd2 41.
Ng3 Bg6 42. Ne3 Ne4 43. Bxe4 dxe4 44. d5 Qf7 45. Be1 h4 46. e6 Qe8 47. Ngxf5
Bf6 48. Nxh4 Bxh4 49. Bxh4 Bh5 50. Qxe4 1-0

[Event "España ch Sub-16 2008"]
[Site "Padron ESP"]
[Date "2008.07.24"]
[Round "8.15"]
[White "Gimenez Menchon, Cesar"]
[Black "Senlle Caride, Miguel"]
[Result "0-1"]
[PlyCount "82"]
[EventDate "2008.07.20"]
[EventType "swiss"]
[EventRounds "9"]
[EventCountry "ESP"]
[Source "lmi"]
[SourceDate "2008.07.20"]
[WhiteElo "1987"]
[BlackElo "2289"]

1. d4 Nf6 2. Nf3 g6 3. Bf4 Bg7 4. e3 O-O 5. h3 d6 6. Be2 Nfd7 7. Nc3 e5 8. dxe5
dxe5 9. Bg5 f6 10. Qd5+ Kh8 11. Bh4 Nc6 12. O-O-O Qe7 13. e4 Nb6 14. Qd2 Be6
15. Qe3 Qf7 16. Kb1 a5 17. Qc5 Nb4 18. b3 Nd7 19. Qe3 a4 20. Kb2 a3+ 21. Kb1 c5
22. Nb5 Nc6 23. Nc7 Rac8 24. Nxe6 Qxe6 25. Bc4 Qe7 26. c3 Nb6 27. Bd5 Na7 28.
Nd2 Nxd5 29. exd5 g5 30. Bg3 f5 31. d6 Qf6 32. d7 Rcd8 33. Qxc5 Nc6 34. h4 f4
35. hxg5 Qg6+ 36. Ka1 fxg3 37. Nf3 gxf2 38. Qxf2 e4 39. Qc2 Nb4 40. Qc1 exf3
41. Rxh7+ Kxh7 0-1

[Event "España ch Sub-16 2008"]
[Site "Padron ESP"]
[Date "2008.07.24"]
[Round "8.16"]
[White "Garcia Salamero, Gabriel"]
[Black "Herrera Reyes, Jose Antonio"]
[Result "1/2-1/2"]
[PlyCount "59"]
[EventDate "2008.07.20"]
[EventType "swiss"]
[EventRounds "9"]
[EventCountry "ESP"]
[Source "lmi"]
[SourceDate "2008.07.20"]
[WhiteElo "1973"]
[BlackElo "2145"]

1. e4 f6 2. d4 g6 3. Nc3 c6 4. f4 Kf7 5. f5 d5 6. fxg6+ hxg6 7. Nf3 b5 8. exd5
b4 9. Ne4 cxd5 10. Ng3 Nh6 11. Be2 Nf5 12. Nxf5 Bxf5 13. g4 Be4 14. Rf1 Kg7 15.
g5 Qc7 16. Bd3 Rh3 17. Bxe4 dxe4 18. Ng1 Rh4 19. Rf2 Nc6 20. Be3 Rd8 21. Ne2
Rxh2 22. Nf4 Rh1+ 23. Rf1 Rxf1+ 24. Kxf1 Nxd4 25. gxf6+ exf6 26. Qg4 Qc4+ 27.
Kg2 Kg8 28. Qxg6+ Bg7 29. Rd1 f5 30. Rxd4 1/2-1/2

[Event "España ch Sub-16 2008"]
[Site "Padron ESP"]
[Date "2008.07.24"]
[Round "8.17"]
[White "Gutierrez Valero, Mario"]
[Black "Moreno Martin, Daniel"]
[Result "0-1"]
[PlyCount "62"]
[EventDate "2008.07.20"]
[EventType "swiss"]
[EventRounds "9"]
[EventCountry "ESP"]
[Source "lmi"]
[SourceDate "2008.07.20"]
[WhiteElo "1945"]
[BlackElo "2091"]

1. d4 d5 2. Nf3 Nf6 3. c4 e6 4. g3 Bb4+ 5. Bd2 Be7 6. Bg2 O-O 7. O-O c6 8. Qc2
b6 9. b3 Bb7 10. Bc3 Nbd7 11. Nbd2 c5 12. Rfe1 Rc8 13. Qb2 dxc4 14. Nxc4 Rc7
15. Rac1 Ne4 16. dxc5 Nxc3 17. Qxc3 Nxc5 18. Red1 Qa8 19. Qe5 Na6 20. Nd6 Rxc1
21. Rxc1 Bd5 22. Nb5 Bf6 23. Qe3 Qb7 24. Nd6 Qe7 25. Ne4 Bb2 26. Rd1 Qa3 27.
Nc3 Bxc3 28. Qxc3 Nb4 29. Qe5 Qxa2 30. Qh5 Qxe2 31. Re1 Bxf3 0-1

[Event "España ch Sub-16 2008"]
[Site "Padron ESP"]
[Date "2008.07.24"]
[Round "8.18"]
[White "Subirats Ruiz, Sergi"]
[Black "Villar Perez, Samuel"]
[Result "1/2-1/2"]
[PlyCount "61"]
[EventDate "2008.07.20"]
[EventType "swiss"]
[EventRounds "9"]
[EventCountry "ESP"]
[Source "lmi"]
[SourceDate "2008.07.20"]
[WhiteElo "2054"]
[BlackElo "1937"]

1. e4 c5 2. Nf3 e6 3. d4 cxd4 4. Nxd4 Nf6 5. Nc3 Nc6 6. Ndb5 d6 7. Bf4 e5 8.
Bg5 a6 9. Na3 b5 10. Bxf6 gxf6 11. Nd5 f5 12. c3 Bg7 13. exf5 Bxf5 14. Nc2 O-O
15. Nce3 Be6 16. Bd3 f5 17. Qh5 e4 18. Bc2 b4 19. O-O bxc3 20. bxc3 Ne7 21.
Rad1 Rc8 22. g4 Rc5 23. gxf5 Nxd5 24. fxe6 Nxe3 25. Qxc5 Nxd1 26. e7 Qxe7 27.
Qd5+ Kh8 28. Rxd1 e3 29. Qxd6 exf2+ 30. Kf1 Qh4 31. Qg3 1/2-1/2

[Event "España ch Sub-16 2008"]
[Site "Padron ESP"]
[Date "2008.07.24"]
[Round "8.19"]
[White "Garcia Gil, Bernardino"]
[Black "Santana Montero, Pedro Luis"]
[Result "1-0"]
[PlyCount "65"]
[EventDate "2008.07.20"]
[EventType "swiss"]
[EventRounds "9"]
[EventCountry "ESP"]
[Source "lmi"]
[SourceDate "2008.07.20"]
[WhiteElo "2044"]
[BlackElo "1969"]

1. e4 e6 2. d4 d5 3. Nc3 Bb4 4. Nge2 dxe4 5. a3 Bxc3+ 6. Nxc3 Nc6 7. Bb5 Nge7
8. Nxe4 a6 9. Bxc6+ Nxc6 10. c3 Qd5 11. Qf3 Bd7 12. Bf4 O-O-O 13. O-O e5 14.
dxe5 Nxe5 15. Qe3 Bc6 16. f3 Kb8 17. a4 Rhe8 18. Nc5 Nd3 19. Nxa6+ bxa6 20.
Qb6+ Bb7 21. Bxc7+ Ka8 22. Bxd8 Rxd8 23. b4 Rd6 24. Qc7 Rg6 25. b5 Qg5 26. Ra2
Nf4 27. bxa6 Rxa6 28. Rb1 Ra7 29. Re1 Ne6 30. Qxf7 Qc5+ 31. Kh1 Nd8 32. Qe8 Qb6
33. Rd2 1-0

[Event "España ch Sub-16 2008"]
[Site "Padron ESP"]
[Date "2008.07.24"]
[Round "8.20"]
[White "Bascunada Gonzalez, Sergio"]
[Black "Lopez Quevedo, Eduardo"]
[Result "0-1"]
[PlyCount "83"]
[EventDate "2008.07.20"]
[EventType "swiss"]
[EventRounds "9"]
[EventCountry "ESP"]
[Source "lmi"]
[SourceDate "2008.07.20"]
[WhiteElo "1645"]
[BlackElo "1998"]

1. e4 c5 2. Nf3 Nc6 3. d3 g6 4. g3 Bg7 5. Bg2 e6 6. c3 d5 7. Nbd2 Nge7 8. O-O
O-O 9. Re1 e5 10. exd5 Nxd5 11. Nb3 Qd6 12. d4 exd4 13. cxd4 c4 14. Nbd2 Nb6
15. Ne4 Qd8 16. Be3 Bg4 17. Nc3 Rb8 18. Bf4 Rc8 19. Be3 Nb4 20. h3 Bf5 21. Re2
N4d5 22. Nxd5 Nxd5 23. Bd2 Bd3 24. Re1 Qb6 25. Bc3 Nb4 26. Bxb4 Qxb4 27. b3
Rfd8 28. bxc4 Qxc4 29. Rc1 Qxc1 30. Qxc1 Rxc1 31. Rxc1 b5 32. Rd1 Bc4 33. Rd2
Bh6 34. Rb2 Bg7 35. Rd2 a6 36. Bf1 Bd5 37. Bg2 a5 38. Kf1 Rc8 39. Ke2 Rc3 40.
Nh4 Bc4+ 41. Kd1 Bh6 42. f4 0-1

[Event "España ch Sub-16 2008"]
[Site "Padron ESP"]
[Date "2008.07.24"]
[Round "8.21"]
[White "Colon Garcia, Enrique"]
[Black "Ladron De Guevara Pinto, Paolo"]
[Result "1-0"]
[PlyCount "109"]
[EventDate "2008.07.20"]
[EventType "swiss"]
[EventRounds "9"]
[EventCountry "ESP"]
[Source "lmi"]
[SourceDate "2008.07.20"]
[WhiteElo "2118"]
[BlackElo "1915"]

1. Nf3 g6 2. c4 Bg7 3. g3 c5 4. Bg2 Nc6 5. O-O e6 6. Nc3 Nge7 7. a3 O-O 8. Rb1
d5 9. d3 b6 10. Bd2 d4 11. Na4 Qd6 12. b4 Rb8 13. bxc5 bxc5 14. Rb5 Rxb5 15.
cxb5 Nb8 16. Qc2 Bd7 17. Rb1 Rc8 18. Ba5 Nd5 19. Nd2 Bf8 20. Nc4 Qe7 21. b6
Bxa4 22. Qxa4 axb6 23. Nxb6 Nxb6 24. Bxb6 Nd7 25. Ba7 Nf6 26. Qa6 Rd8 27. Rb7
Qd6 28. Qxd6 Bxd6 29. Bb6 Rc8 30. a4 c4 31. Bxd4 c3 32. Bxf6 c2 33. Bb2 c1=Q+
34. Bxc1 Rxc1+ 35. Bf1 Ra1 36. Ra7 Bb4 37. Kg2 Kg7 38. h4 Kf6 39. e3 Ra2 40.
Kf3 h5 41. d4 Be1 42. Be2 Bb4 43. Bc4 Rc2 44. Bd3 Ra2 45. Bb5 Be1 46. Be2 Bb4
47. Ra6 Ke7 48. Ra7+ Kf6 49. Rb7 Rxa4 50. Bb5 Ra1 51. Be8 Be7 52. e4 e5 53.
dxe5+ Ke6 54. Kf4 Ra6 55. Bd7# 1-0

[Event "España ch Sub-16 2008"]
[Site "Padron ESP"]
[Date "2008.07.24"]
[Round "8.22"]
[White "Gonzalez Laso, Adrian"]
[Black "Sanchez Gonzalez, Sergio"]
[Result "1-0"]
[PlyCount "111"]
[EventDate "2008.07.20"]
[EventType "swiss"]
[EventRounds "9"]
[EventCountry "ESP"]
[Source "lmi"]
[SourceDate "2008.07.20"]
[WhiteElo "1927"]
[BlackElo "2228"]

1. e4 c5 2. Nc3 e6 3. g3 d5 4. exd5 exd5 5. Bg2 Nf6 6. d3 Be7 7. Nge2 O-O 8.
O-O d4 9. Ne4 Nc6 10. Nf4 Nxe4 11. Bxe4 f5 12. Bg2 Bd6 13. Nh3 h6 14. Re1 Ne7
15. Qh5 Qb6 16. Bg5 Qc7 17. Rxe7 Bxe7 18. Bd5+ Kh7 19. Re1 Bd8 20. f4 Bf6 21.
Bb3 b5 22. Bd5 Bb7 23. Be6 Bc8 24. Bd5 Rb8 25. g4 Qd6 26. Bf7 Rxf7 27. Qxf7 Rb7
28. Qh5 fxg4 29. Nf2 Bxg5 30. fxg5 Qg6 31. Qxg6+ Kxg6 32. gxh6 gxh6 33. Re5 c4
34. Rd5 cxd3 35. cxd3 Rc7 36. Rxb5 Bb7 37. Nxg4 h5 38. Ne5+ Kf6 39. Nc4 h4 40.
Rh5 Rg7+ 41. Kf1 h3 42. Rh4 Bg2+ 43. Ke1 Bd5 44. Rxh3 Rg1+ 45. Kd2 Rg2+ 46. Kc1
Rg1+ 47. Kc2 Rg2+ 48. Kb3 Rd2 49. Ka3 Rc2 50. Rh4 Ke6 51. Rxd4 Rxh2 52. Na5 Rh3
53. b3 Kd6 54. Kb4 Ke5 55. Kc5 Rh2 56. Rxd5+ 1-0

[Event "España ch Sub-16 2008"]
[Site "Padron ESP"]
[Date "2008.07.24"]
[Round "8.23"]
[White "Marcos Pinto, Luis"]
[Black "Palomo Teruel, Xavier"]
[Result "1-0"]
[PlyCount "99"]
[EventDate "2008.07.20"]
[EventType "swiss"]
[EventRounds "9"]
[EventCountry "ESP"]
[Source "lmi"]
[SourceDate "2008.07.20"]
[WhiteElo "2115"]
[BlackElo "1931"]

1. e4 c5 2. Nf3 d6 3. c3 Nf6 4. Be2 Bd7 5. d3 g6 6. O-O Bg7 7. Re1 e5 8. Bf1
Bc6 9. Nbd2 Nbd7 10. d4 b6 11. d5 Bb7 12. Nc4 Qc7 13. a4 a6 14. Bg5 O-O 15. Qd2
Rfb8 16. Bh6 b5 17. Bxg7 Kxg7 18. axb5 axb5 19. Rxa8 Bxa8 20. Na3 c4 21. Qe3
Qb6 22. Qxb6 Rxb6 23. Nc2 Nc5 24. Nd2 Bb7 25. Nb4 Bc8 26. f3 Na4 27. Rb1 Kf8
28. Bxc4 Bd7 29. Bb3 Rb8 30. Bxa4 bxa4 31. Nc4 Ke7 32. Ra1 Bb5 33. Na5 Ra8 34.
Nbc6+ Bxc6 35. Nxc6+ Kd7 36. b4 Kc7 37. Na5 Nd7 38. Rxa4 Nb6 39. Ra3 f5 40. c4
Nd7 41. Kf2 Nf6 42. Ke3 fxe4 43. fxe4 Ng4+ 44. Ke2 Rf8 45. Rf3 Rf4 46. Rxf4
exf4 47. h3 Ne3 48. g3 Nc2 49. gxf4 Nxb4 50. e5 1-0

[Event "España ch Sub-16 2008"]
[Site "Padron ESP"]
[Date "2008.07.24"]
[Round "8.25"]
[White "Remoli Sargues, Lidia"]
[Black "Marrero Falcon, Hector"]
[Result "0-1"]
[PlyCount "80"]
[EventDate "2008.07.20"]
[EventType "swiss"]
[EventRounds "9"]
[EventCountry "ESP"]
[Source "lmi"]
[SourceDate "2008.07.20"]
[WhiteElo "1924"]
[BlackElo "2044"]

1. d4 Nf6 2. Bg5 e6 3. e4 h6 4. Bxf6 Qxf6 5. c3 b6 6. Bd3 Bb7 7. Ne2 Qd8 8. O-O
Be7 9. Nd2 d6 10. f4 O-O 11. Qe1 Nd7 12. Ng3 e5 13. f5 d5 14. Nf3 exd4 15. Nxd4
Nc5 16. Bc2 Nxe4 17. Nxe4 dxe4 18. Bxe4 Bxe4 19. Qxe4 Bf6 20. Rad1 Re8 21. Qf3
Qe7 22. Rf2 Rad8 23. Nc6 Rxd1+ 24. Qxd1 Qc5 25. Nb4 Rd8 26. Qe1 a5 27. Nc2 Rd5
28. Nd4 Rxd4 29. cxd4 Bxd4 30. Kf1 Bxf2 31. Qxf2 Qxf2+ 32. Kxf2 Kf8 33. Ke3 Ke7
34. Kd4 Kd6 35. a4 c6 36. Ke4 b5 37. axb5 cxb5 38. Kd4 h5 39. h4 a4 40. Kc3 Kc5
0-1

[Event "España ch Sub-16 2008"]
[Site "Padron ESP"]
[Date "2008.07.24"]
[Round "8.26"]
[White "Cubillo Munoz, Miguel"]
[Black "Donoso Sanchez, Alejandro"]
[Result "0-1"]
[PlyCount "66"]
[EventDate "2008.07.20"]
[EventType "swiss"]
[EventRounds "9"]
[EventCountry "ESP"]
[Source "lmi"]
[SourceDate "2008.07.20"]
[WhiteElo "1923"]
[BlackElo "2023"]

1. d4 c5 2. d5 Nf6 3. c4 e6 4. Nc3 exd5 5. Nxd5 Nxd5 6. cxd5 d6 7. e4 g6 8. f4
Bg7 9. Nf3 O-O 10. Bd3 Re8 11. O-O b5 12. Bxb5 Rxe4 13. Re1 Rxe1+ 14. Qxe1 Bb7
15. Qe4 Nd7 16. Bc4 Qe8 17. Qd3 Nb6 18. Bd2 Bxb2 19. Re1 Qa4 20. Bb3 Qd7 21. a4
Re8 22. Rb1 Bf6 23. a5 Na8 24. Qc4 Qf5 25. Ba2 Qc8 26. Ng5 Bd4+ 27. Kh1 Ba6 28.
Qb3 Re2 29. Be1 Qg4 30. Bg3 Qc8 31. f5 Qxf5 32. Qb8+ Bc8 33. Bc4 Nb6 0-1

[Event "España ch Sub-16 2008"]
[Site "Padron ESP"]
[Date "2008.07.24"]
[Round "8.27"]
[White "Navia Martin, Sergio"]
[Black "Pozueta Alegria, Adrian"]
[Result "0-1"]
[PlyCount "116"]
[EventDate "2008.07.20"]
[EventType "swiss"]
[EventRounds "9"]
[EventCountry "ESP"]
[Source "lmi"]
[SourceDate "2008.07.20"]
[WhiteElo "1919"]
[BlackElo "2016"]

1. d4 Nf6 2. c4 e5 3. dxe5 Ng4 4. Nf3 Nc6 5. Bg5 Be7 6. Bxe7 Qxe7 7. e3 Ngxe5
8. Nxe5 Nxe5 9. Be2 O-O 10. O-O d6 11. Nc3 Be6 12. b3 f5 13. f4 Nd7 14. Rf3 a5
15. Nd5 Qd8 16. Rg3 Nf6 17. Qd4 a4 18. b4 Bxd5 19. cxd5 Re8 20. Bd3 c6 21. dxc6
bxc6 22. Bxf5 d5 23. Rc1 Qd6 24. a3 g6 25. Bd3 Rac8 26. Rf3 Rc7 27. h3 Rce7 28.
Kf2 Ne4+ 29. Bxe4 Rxe4 30. Qc5 Qf6 31. Qxc6 Qh4+ 32. g3 Qxh3 33. Qxd5+ Kh8 34.
Rg1 Qc8 35. Qc5 Qxc5 36. bxc5 Rc4 37. Rd1 Rxc5 38. Rd4 Rc2+ 39. Ke1 Rb8 40. Kd1
Ra2 41. Rb4 Rd8+ 42. Kc1 Rxa3 43. f5 gxf5 44. Rxf5 Rdd3 45. Rg5 Rac3+ 46. Kb2
Rb3+ 47. Rxb3 Rxb3+ 48. Ka2 Rxe3 49. g4 Rg3 50. Kb2 h6 51. Rh5 Kg7 52. Rh4 Kg6
53. g5 a3+ 54. Ka2 Kxg5 55. Ra4 h5 56. Ra8 h4 57. Rg8+ Kh5 58. Rh8+ Kg4 0-1

[Event "España ch Sub-16 2008"]
[Site "Padron ESP"]
[Date "2008.07.24"]
[Round "8.28"]
[White "Arregui Untoria, Carlos"]
[Black "Castillo Sanjuan, Daniel"]
[Result "1/2-1/2"]
[PlyCount "55"]
[EventDate "2008.07.20"]
[EventType "swiss"]
[EventRounds "9"]
[EventCountry "ESP"]
[Source "lmi"]
[SourceDate "2008.07.20"]
[WhiteElo "2012"]
[BlackElo "1911"]

1. e4 e5 2. Nf3 Nc6 3. d4 exd4 4. Bc4 Nf6 5. e5 d5 6. Bb5 Nd7 7. O-O Be7 8.
Bxc6 bxc6 9. e6 fxe6 10. Nxd4 Nf6 11. Nxc6 Qd6 12. Nxe7 Qxe7 13. Nc3 O-O 14.
Re1 Qd6 15. Qd4 c5 16. Qf4 Qb6 17. Qg3 d4 18. Ne4 Nxe4 19. Rxe4 Bb7 20. Rg4 Rf7
21. Bh6 Qc7 22. Bf4 Qd7 23. Re1 Re8 24. h4 h5 25. Rg6 Rf5 26. Be5 Re7 27. f3
Bd5 28. b3 1/2-1/2

[Event "España ch Sub-16 2008"]
[Site "Padron ESP"]
[Date "2008.07.24"]
[Round "8.29"]
[White "Perera Borrego, Mariela"]
[Black "Cruz Lledo, Pablo"]
[Result "1/2-1/2"]
[PlyCount "93"]
[EventDate "2008.07.20"]
[EventType "swiss"]
[EventRounds "9"]
[EventCountry "ESP"]
[Source "lmi"]
[SourceDate "2008.07.20"]
[WhiteElo "1889"]
[BlackElo "2008"]

1. d4 d5 2. Nf3 Nf6 3. e3 c6 4. c4 a6 5. Nbd2 b5 6. b3 Bg4 7. h3 Bxf3 8. Qxf3
e6 9. Be2 Be7 10. O-O O-O 11. Bb2 Nbd7 12. Rfd1 Rb8 13. cxd5 cxd5 14. Bd3 Nb6
15. Qe2 Bd6 16. Nf1 Qe7 17. f3 h5 18. e4 dxe4 19. fxe4 e5 20. Ng3 g6 21. Re1 h4
22. Nf1 Nh5 23. Bc1 Bb4 24. Bd2 Bxd2 25. Qxd2 exd4 26. Be2 Qe5 27. Bxh5 Qxh5
28. Qxd4 Rfd8 29. Qe3 Nd7 30. Rad1 Ne5 31. Rxd8+ Rxd8 32. Qe2 Qg5 33. Qe3 Qf6
34. Nh2 Rd3 35. Qf2 Qxf2+ 36. Kxf2 Rd2+ 37. Re2 Nd3+ 38. Ke3 Rxe2+ 39. Kxe2
Nc1+ 40. Kd2 Nxa2 41. Nf3 Kg7 42. Nxh4 Kf6 43. Nf3 Nb4 44. Kc3 Nc6 45. h4 a5
46. g4 b4+ 47. Kd2 1/2-1/2

[Event "España ch Sub-16 2008"]
[Site "Padron ESP"]
[Date "2008.07.24"]
[Round "8.30"]
[White "Gomez Calomarde, Saul"]
[Black "Benarque Lopez, Francisco Jose"]
[Result "1-0"]
[PlyCount "81"]
[EventDate "2008.07.20"]
[EventType "swiss"]
[EventRounds "9"]
[EventCountry "ESP"]
[Source "lmi"]
[SourceDate "2008.07.20"]
[WhiteElo "2008"]
[BlackElo "1889"]

1. d4 Nf6 2. Nf3 c5 3. c3 e6 4. Bf4 b6 5. e3 Bb7 6. Nbd2 Be7 7. Bd3 O-O 8. a4
Nc6 9. Nc4 cxd4 10. exd4 d6 11. O-O Rc8 12. Re1 Qc7 13. Qb3 Rfd8 14. h3 Na5 15.
Nxa5 Bxf3 16. gxf3 bxa5 17. Qc2 h6 18. Kh1 Nd5 19. Bc1 Bf6 20. Qe2 Qd7 21. Qe4
Nb6 22. Bb5 Qc7 23. Rg1 Kf8 24. Bf4 Nd5 25. Bd2 Rb8 26. Rab1 Qc8 27. Kh2 a6 28.
Bd3 Rb6 29. f4 Qb7 30. Bc4 Rxb2 31. Bxd5 exd5 32. Qh7 Ke7 33. Qf5 Rb8 34. Rbe1+
Kd8 35. Re2 Kc7 36. c4 dxc4 37. Bxa5+ Kc6 38. Rc1 Bxd4 39. Rxc4+ Bc5 40. Rxc5+
dxc5 41. Re6+ 1-0

[Event "España ch Sub-16 2008"]
[Site "Padron ESP"]
[Date "2008.07.24"]
[Round "8.31"]
[White "Arce Calva, Elvira"]
[Black "Beltran De Heredia E., Miguel"]
[Result "1-0"]
[PlyCount "121"]
[EventDate "2008.07.20"]
[EventType "swiss"]
[EventRounds "9"]
[EventCountry "ESP"]
[Source "lmi"]
[SourceDate "2008.07.20"]
[WhiteElo "1876"]
[BlackElo "1993"]

1. e4 c5 2. Nc3 Nc6 3. g3 g6 4. Bg2 Bg7 5. d3 d6 6. f4 e6 7. Nf3 Nge7 8. O-O
O-O 9. Be3 b6 10. Qd2 Ba6 11. Nh4 f5 12. exf5 gxf5 13. Rfe1 Qd7 14. Bf2 Rae8
15. Nf3 Nd4 16. Nd1 Ng6 17. c3 Nxf3+ 18. Bxf3 Bb7 19. Bxb7 Qxb7 20. Ne3 b5 21.
Nc2 e5 22. d4 cxd4 23. cxd4 exf4 24. gxf4 Bh6 25. Bg3 Qf3 26. Rf1 Re2 27. Rxf3
Rxd2 28. Rf2 Rxf2 29. Kxf2 Bxf4 30. Re1 Kf7 31. Kf3 Bxg3 32. hxg3 Rc8 33. Ne3
Ne7 34. Kf4 Kf6 35. Rh1 Kg6 36. Re1 Re8 37. Rc1 Kf6 38. Rc7 a6 39. Ra7 Nc6 40.
Rxa6 Re4+ 41. Kf3 Nxd4+ 42. Kf2 Ke5 43. Ra8 Ne6 44. Rb8 Rb4 45. b3 Nd4 46. Nc4+
Kd5 47. Ne3+ Ke4 48. Re8+ Kd3 49. Nd5 Nc2 50. Nxb4+ Nxb4 51. a4 bxa4 52. bxa4
Nc6 53. Re6 Kc4 54. Rxd6 Ne5 55. Re6 Nd3+ 56. Ke3 Nc5 57. Re5 Nxa4 58. Rxf5 Nb6
59. Ke4 Nc8 60. Rh5 Nd6+ 61. Kf4 1-0

[Event "España ch Sub-16 2008"]
[Site "Padron ESP"]
[Date "2008.07.24"]
[Round "8.32"]
[White "De La Cruz Revilla, Miguel"]
[Black "Collado Barbas, Laura"]
[Result "0-1"]
[PlyCount "114"]
[EventDate "2008.07.20"]
[EventType "swiss"]
[EventRounds "9"]
[EventCountry "ESP"]
[Source "lmi"]
[SourceDate "2008.07.20"]
[WhiteElo "1855"]
[BlackElo "1983"]

1. d4 d5 2. c4 e6 3. Nf3 c6 4. Qc2 Nf6 5. g3 Be7 6. Bg2 O-O 7. O-O b6 8. b3 Bb7
9. Rd1 Na6 10. Nc3 Rc8 11. e4 Bb4 12. exd5 cxd5 13. Ne5 Nd7 14. a3 Bxc3 15.
Qxc3 Nxe5 16. dxe5 Qc7 17. Bb2 dxc4 18. Bxb7 Qxb7 19. bxc4 Qc6 20. Rd4 Nc5 21.
Rh4 Rfd8 22. Qc2 h6 23. Rg4 Nd3 24. Qe2 Nxb2 25. Qxb2 Qa4 26. Qc1 Kh8 27. Qf4
Rd7 28. Re1 Qxa3 29. Re4 Rd1+ 30. Kg2 Qd3 31. Rh4 Qf1+ 32. Kf3 Rd3+ 33. Kg4
Qd1+ 34. f3 Qd2 35. Qxf7 Qg5+ 36. Kh3 Qf5+ 37. Qxf5 exf5 38. Rd4 Rxf3 39. Kg2
Re3 40. Rd7 Rxe5 41. Rxa7 Rec5 42. Rf4 Kg8 43. Rb7 R8c6 44. Kf3 Rd6 45. Ke3
Re5+ 46. Kf2 Rd2+ 47. Kf1 Ra5 48. Kg1 Ra1+ 49. Rf1 Raa2 50. Rxf5 Rg2+ 51. Kf1
Rxh2 52. Kg1 Rab2 53. Rf4 Rhg2+ 54. Kf1 Rxg3 55. Rff7 Rb4 56. Kf2 Rg6 57. Ke3
Rxc4 0-1

[Event "España ch Sub-16 2008"]
[Site "Padron ESP"]
[Date "2008.07.24"]
[Round "8.33"]
[White "Gallego Martin, Miguel"]
[Black "Gomez Dominguez, Xavier"]
[Result "0-1"]
[WhiteElo "1848"]
[BlackElo "1977"]
[PlyCount "54"]
[EventDate "2008.07.20"]
[EventType "swiss"]
[EventRounds "9"]
[EventCountry "ESP"]
[Source "lmi"]
[SourceDate "2008.07.20"]

1. d4 Nf6 2. Bg5 c5 3. d5 Qb6 4. Nc3 Qxb2 5. Bd2 Qb6 6. Rb1 Qc7 7. e4 d6 8. f4
Nbd7 9. Nf3 g6 10. Bc4 Bg7 11. Qe2 O-O 12. a4 Nb6 13. Ba2 e5 14. fxe5 dxe5 15.
O-O Bd7 16. d6 Qxd6 17. a5 Nc8 18. Rxb7 Qc6 19. Rfb1 Nb6 20. a6 Qd6 21. Nb5
Bxb5 22. Rxb5 Nfd7 23. Be3 Rfc8 24. Ng5 c4 25. Nxf7 Qc6 26. Nh6+ Bxh6 27. Bxh6
Qxb5 0-1

[Event "España ch Sub-16 2008"]
[Site "Padron ESP"]
[Date "2008.07.24"]
[Round "8.35"]
[White "Diaz Diaz, Herena"]
[Black "Picazo Lopez, Ignacio"]
[Result "0-1"]
[WhiteElo "1806"]
[BlackElo "1973"]
[PlyCount "64"]
[EventDate "2008.07.20"]
[EventType "swiss"]
[EventRounds "9"]
[EventCountry "ESP"]
[Source "lmi"]
[SourceDate "2008.07.20"]

1. e4 d6 2. d4 Nf6 3. Nc3 g6 4. f4 Bg7 5. Nf3 c5 6. d5 O-O 7. Bd3 e6 8. dxe6
Bxe6 9. O-O c4 10. Be2 Qb6+ 11. Qd4 Qxd4+ 12. Nxd4 Nxe4 13. Nxe6 Nxc3 14. Bxc4
Rc8 15. Nxg7 Rxc4 16. bxc3 Kxg7 17. Rf3 Na6 18. Rd3 Rd8 19. Be3 Nc5 20. Rd5 Ne4
21. Rd4 Rdc8 22. Rxc4 Rxc4 23. Bxa7 Nxc3 24. Bb8 Ne4 25. Rc1 d5 26. Rb1 Rxc2
27. g3 Nd2 28. Be5+ Kf8 29. Rxb7 Nf3+ 30. Kf1 Nxe5 31. fxe5 Rxa2 32. h3 Ke8 0-1